Salmequiz - Statistics

General Stats
  • This quiz has been taken 8 times
  • The average score is 8 of 20
Answer Stats
Hint Svar % Correct
vetteren varer lenge Gud signe vårt dyre fedreland
100%
Kor er eg sæl Herre, eg inderleg ynskjer å fremje di ære
75%
Høye hall og dype dal skal vike Herre Gud, ditt dyre navn og ære
75%
La la la la, la la la la, la la la la, la la la Jeg løfter mine øyne opp til fjellene
75%
Vi ranker oss sammen, vi vinkvister små Å, fikk jeg kun være den minste kvist
50%
vis meg fordervelsens avgrunn i meg Jesus, din søte forening å smake
50%
Takk for mat og takk for klede Ned i vester soli glader
50%
Himlen, jorden, hav og torden Overmåte fullt av nåde
50%
ligger jeg på sykdoms leie Som den gyldne sol frembryter
50%
skjønneste blomster har tærende gift. Sorgen og gleden de vandrer til hope
50%
du med Amen, jeg med bønn Du som freden meg forkynner
25%
di synd er gløymd, di sorg vert still Eg veit i himmerik ei borg
25%
Det største her i verden er ikke kløkt og makt Guds sønn steg ned å tjene
25%
hva elsket du hos støvet Hill deg, Frelser og forsoner
25%
Én hjord, én hyrde. Jesu disipler, la oss sammen minnes
25%
Kristi vitne opp har fare Ljoset over landet dagna
25%
Nå fyller en grenseløs glede min sjel Opp, jublende sang
25%
av æveleg kjærleike lyser di ferd! Din herlegdom, Frelsar, me undrande ser
0%
henover dypets bølge Du nådens sol og sete
0%
Skynd deg, vær snar, før enn sol går ned! Reis deg, Guds menighet
0%
No matching quizzes found
Score Distribution
Percent of People with Each Score
Percentile by Number Answered
Your Score History
You have not taken this quiz